| Tag |
First Indicator |
Second Indicator |
Subfields |
| LEADER |
00000cam a2200000 a 4500 |
| 001 |
in00002811792 |
| 005 |
20151202173224.0 |
| 008 |
110207s2012 nyua b 000 1 eng |
| 010 |
|
|
|a 2011002154
|
| 019 |
|
|
|a 780414518
|
| 020 |
|
|
|a 9780062081957 (trade bdg.)
|
| 020 |
|
|
|a 0062081950 (trade bdg.)
|
| 020 |
|
|
|a 9780062081964 (lib. bdg.)
|
| 020 |
|
|
|a 0062081969 (lib. bdg.)
|
| 020 |
|
|
|a 9780062081971 (pbk.)
|
| 020 |
|
|
|a 0062081977 (pbk.)
|
| 029 |
1 |
|
|a NZ1
|b 14188376
|
| 029 |
1 |
|
|a AU@
|b 000046729728
|
| 029 |
1 |
|
|a AU@
|b 000049948285
|
| 029 |
1 |
|
|a NZ1
|b 14728812
|
| 035 |
|
|
|a (OCoLC)ocn707022970
|
| 035 |
|
|
|a (OCoLC)707022970
|
| 040 |
|
|
|a DLC
|b eng
|c DLC
|d IG#
|d BDX
|d BTCTA
|d JZ6
|d JRS
|d ZGG
|d EHH
|d YDXCP
|d M$K
|d NYP
|d IAD
|d GUA
|d UtOrBLW
|
| 042 |
|
|
|a lcac
|a pcc
|
| 049 |
|
|
|a TXAM
|
| 050 |
0 |
0 |
|a PZ7.H389
|b Pen 2012
|
| 082 |
0 |
0 |
|a [E]
|2 22
|
| 100 |
1 |
|
|a Henkes, Kevin.
|
| 245 |
1 |
0 |
|a Penny and her song /
|c Kevin Henkes.
|
| 250 |
|
|
|a 1st ed.
|
| 264 |
|
1 |
|a New York :
|b Greenwillow Books,
|c [2012]
|
| 264 |
|
4 |
|c ©2012
|
| 300 |
|
|
|a 32 pages :
|b color illustrations ;
|c 22 cm.
|
| 336 |
|
|
|a text
|b txt
|2 rdacontent
|
| 337 |
|
|
|a unmediated
|b n
|2 rdamedia
|
| 338 |
|
|
|a volume
|b nc
|2 rdacarrier
|
| 520 |
|
|
|a Penny comes home from school eager to share her very own song, but must wait until the time is right to teach it to her parents and the babies.
|
| 650 |
|
1 |
|a Songs
|v Fiction.
|
| 650 |
|
1 |
|a Family life
|v Fiction.
|
| 650 |
|
1 |
|a Mice
|v Fiction.
|
| 650 |
|
0 |
|a Songs
|v Juvenile fiction.
|
| 650 |
|
0 |
|a Families
|v Juvenile fiction.
|
| 650 |
|
0 |
|a Mice
|v Juvenile fiction.
|
| 650 |
|
0 |
|a Readers (Primary)
|
| 650 |
|
7 |
|a Readers (Primary)
|2 local
|
| 938 |
|
|
|a Ingram
|b INGR
|n 9780062081957
|
| 938 |
|
|
|a Baker and Taylor
|b BTCP
|n BK0010799036
|
| 938 |
|
|
|a Brodart
|b BROD
|n 102255601
|
| 938 |
|
|
|a YBP Library Services
|b YANK
|n 7639952
|
| 947 |
|
|
|a A14835930164
|
| 945 |
|
|
|a PromptCat
|b 194351
|
| 946 |
|
|
|a curr
|
| 994 |
|
|
|a 92
|b TXA
|
| 948 |
|
|
|a Cataloged
|b h
|c 2013/2/6
|d c
|e EGrant
|
| 999 |
|
|
|a MARS
|
| 999 |
f |
f |
|s 056c6fa3-607e-3e8f-8927-444d43e3b3b8
|i 2cf60769-1797-3299-9837-6cdf82ab93f8
|t 0
|
| 952 |
f |
f |
|p normal
|a Texas A&M University
|b College Station
|c Sterling C. Evans Library
|d Evans: Curriculum Collection (4th floor)
|t 0
|e PZ7.H389 Pen 2012
|h Library of Congress classification
|i unmediated -- volume
|m A14835930164
|
| 998 |
f |
f |
|a PZ7.H389 Pen 2012
|t 0
|l Evans: Curriculum Collection (4th floor)
|